00318nam a2200133Ia 4500008004100000020001500041041001200056082001600068100001500084245003500099260002700134300000800161650001500169221030s9999 xx 000 0 und d a1403924090 aEnglish a105.23bkau aH. Kaushal 0aCase Study Solutions Marketing bMacmillanaDelhic2004 a296 aCase Study